Uyan ey halkım (Record no. 10812)

MARC details
000 -BAŞLIK
Sabit Uzunlukta Kontrol Alanı 00703na a2200241 4500
001 - KONTROL NUMARASI
Denetim Alanı 24312
003 - KONTROL NUMARASI IDENTIFIER
Denetim Alanı MIRAKIL
005 - SON İŞLEM TARİHİ VE ZAMANI
Denetim Alanı 20181213155334.0
008 - SABİT-BOY VERİ ELEMANLARI - GENEL BİLGİLER
Sabit Uzunlukta Kontrol Alanı 180912b tu 000 0
020 ## - ULUSLARARASI STANDART KİTAP NUMARASI
Uluslararası Standart Kitap Numarası 9789756238288
040 ## - KATALOGLAMA KAYNAK
Orijinal Kataloglama Ajansı Milas
Kataloglama Dili tur
Metne Dönüştürmek Ajansı TR-AnCHP
041 ## - DİL KODU
Metin / Ses Parça Veya Ayrı Başlığın Dil Kodu tur
082 ## - DEWEY ONLU SINIFLANDIRMA NUMARASI
Sınıflandırma Numarası 070.442
Ürün Numarası A88u 2007
090 ## - SINIFLAMA NUMARASI
Sınıflama Numarası 070.442 A88u 2007
100 ## - ANA GİRİŞ - KİŞİSEL İSİM
Kişisel Ad Avuç, Hüseyin
245 ## - BAŞLIK TABLOSU
Başlık Uyan ey halkım
Başlığın Kalan Bu cumhuriyet namusumuzdur!
Sorumluluk Tablosu, Vb Hüseyin Avuç
260 ## - YAYIN, DAĞITIM, VB
Yayın, Dağıtım, Vb Yeri İstanbul
Yayıncı, Dağıtıcı, Vs Adı Nergiz Yayınları
Yayın, Dağıtım, Vb Tarihi 2007
Üretici Firma Kilim matbaası
300 ## - FİZİKSEL TANIM
Kapsam 365 s.
Boyutlar 21 sm.
500 ## - GENEL NOT
Genel Not Yapıt yazarından imzalıdır.
650 ## - KONU KATMA GİRİŞ - TOPİKAL DÖNEM
Topikal Süreli Veya Coğrafi Ad Giriş Elemanı Gazete yazıları
Genel Alt Bölümü Türkiye
740 ## - KATMA GİRİŞ - KONTROLSUZ İLGİLİ / ANALİTİK BAŞLIK
Kontrol Edilmeyen / İlgili Analitik Başlıktaki Bu cumhuriyet namusumuzdur!
942 ## - EKLENDİ GİRİŞ ELEMANLARI (KOHA)
Sınıflandırma Veya Raf Düzeni Kaynak Dewey Decimal Classification
Koha Öğesi Türü Books
999 ## - SİSTEM KONTROL NUMARALARI (KOHA)
Koha Biblionumber 10812
Koha Biblioitemnumber 10812
Holdings
Kalıcı Konum Mevcut Konum Edinme Tarihi Edinim Kaynak Toplam Check-Out'Lar Tam Çağrı Numarası Barkod Tarih Son Görülme İtibaren Geçerli Fiyatlar Koha Öğesi Türü
CHP Kütüphanesi CHP Kütüphanesi 09/12/2018 Bağış   070.442 A88u 2007 018389 09/12/2018 09/12/2018 Books